Избранные труды по эвергетике ( по материалам статей и докладов)

Bibliographic Details
Main Author: Виттих В. А. Владимир Андреевич
Other Authors: Боровик С. Ю. (составитель), Моисеева Т. В., Смирнов С. В.
Summary:В издание вошли статьи и доклады известного российского ученого доктора технических наук, профессора Владимира Андреевича Виттиха, посвященные становлению и развитию эвергетики - новой ценностно-ориентированной науки об управлении в человеческом обществе. Эвергетика В.А. Виттиха расширяет и дополняет существующий традиционный "системный" подход к управлению социотехническими системами за счет включения в процессы управления простых людей из повседневности. При этом происходит трансформация человека "экономического", постоянно калькулирующего свои доходы и издержки, в человека "культуры", развивающего свою среду обитания, делающего ее привлекательной для людей, областью притяжения, а не зоной их временного проживания. Технологическую платформу для реализации эвергетики В.А. Виттих видел в современных интеллектуальных технологиях, включая онтологическое моделирование и мультиагентные системы. Новаторские идеи В.А. Виттиха предвосхитили многие современные положения японского "Общества 5.0" и могут служить плацдармом для преодоления знаменитых «пяти стен» на пути к суперинтеллектуальному обществу будущего. Книга адресована специалистам органов государственного и муниципального управления, научным работникам, преподавателям, студентам, а также всем тем, кто интересуется процессами управления в обществе.
Language:Russian
Published: Самара, Новая техника, 2022
Subjects:
Format: Book
KOHA link:https://koha.lib.tpu.ru/cgi-bin/koha/opac-detail.pl?biblionumber=348089

MARC

LEADER 00000nam0a2200000 4500
001 348089
005 20231101035756.0
010 |a 9785889401612 
035 |a (RuTPU)RU\TPU\book\380049 
090 |a 348089 
100 |a 20221018d2022 k y0rusy50 ca 
101 0 |a rus 
102 |a RU 
105 |a a z 001zy 
200 1 |a Избранные труды по эвергетике ( по материалам статей и докладов)  |f В. А. Виттих  |g сост. С. Ю. Боровик [и др.] 
210 |a Самара  |c Новая техника  |d 2022 
215 |a 420 с.  |c ил. 
320 |a Библиогр. в конце ст. 
330 |a В издание вошли статьи и доклады известного российского ученого доктора технических наук, профессора Владимира Андреевича Виттиха, посвященные становлению и развитию эвергетики - новой ценностно-ориентированной науки об управлении в человеческом обществе. Эвергетика В.А. Виттиха расширяет и дополняет существующий традиционный "системный" подход к управлению социотехническими системами за счет включения в процессы управления простых людей из повседневности. При этом происходит трансформация человека "экономического", постоянно калькулирующего свои доходы и издержки, в человека "культуры", развивающего свою среду обитания, делающего ее привлекательной для людей, областью притяжения, а не зоной их временного проживания. Технологическую платформу для реализации эвергетики В.А. Виттих видел в современных интеллектуальных технологиях, включая онтологическое моделирование и мультиагентные системы. Новаторские идеи В.А. Виттиха предвосхитили многие современные положения японского "Общества 5.0" и могут служить плацдармом для преодоления знаменитых «пяти стен» на пути к суперинтеллектуальному обществу будущего. Книга адресована специалистам органов государственного и муниципального управления, научным работникам, преподавателям, студентам, а также всем тем, кто интересуется процессами управления в обществе. 
606 1 |a Организация управления  |2 stltpush  |3 (RuTPU)RU\TPU\subj\37778 
610 1 |a социология 
610 1 |a общество 
610 1 |a научное управление 
610 1 |a эвергетика 
610 1 |a интерсубъективность 
610 1 |a принятие решений 
610 1 |a рациональность 
610 1 |a человек 
610 1 |a мультиагентные технологии 
610 1 |a инновационные процессы 
610 1 |a социальные системы 
610 1 |a социогуманитарные проблемы 
610 1 |a коммуникационные процессы 
610 1 |a управленческие решения 
686 |a С55.373  |v LBC/SL-A  |2 rubbk 
700 1 |a Виттих  |b В. А.  |g Владимир Андреевич 
702 1 |a Боровик  |b С. Ю.  |4 220 
702 1 |a Моисеева  |b Т. В.  |4 220 
702 1 |a Смирнов  |b С. В.  |4 220 
801 1 |a RU  |b 63413507  |c 20221018 
801 2 |a RU  |b 63413507  |c 20221118  |g RCR 
942 |c BK